000 00886nam a2200241 a 4500
001 000008775
005 20200929161415.0
008 090918s1977 dr 000 0 spa d
040 _aDO-SdBNP
_bspa
_cBNPHU
082 _a860.9
_bD542c
100 1 _aDíaz Castillo, Binvenido
_923313
245 1 0 _aCumbres de la literatura española /
_cBievenido Díaz Castillo ; prólogo Manuel Valldesperes.
260 _aSanto Domingo :
_bQuisquellana,
_c1977.
300 _a290 p. ;
_c22 cm.
500 _aIncluye índice
500 _aIncluye datos biográficos del autor en la contracubierta
590 _aInventariado, 2019/MFF
650 4 _aLiteratura española
_9632
650 4 _aLiteratura española
_xHistoria y crítica
_93904
650 4 _aAutores españoles
_xHistoria y crítica
_923257
700 1 _aValldesperes, Manuel,
_epról.
_923314
910 _aValidado. Control de calidad MFF
999 _c8544
_d8544